[Event "Commonwealth & South African Open 2011"]
[Site "Emperors Casino and Conference"]
[Date "2011.06.24"]
[Round "5.51"]
[White "Khuphwathea, Paul C"]
[Black "Notha, Moakofi"]
[Result "0-1"]
[WhiteElo "1719"]
[BlackElo "2123"]
[PlyCount "141"]
[EventDate "2011.06.24"]

1. e4 e5 2. Nf3 Nc6 3. Bc4 Bc5 4. O-O d6 5. h3 Nf6 6. c3 Qe7 7. d4 Bb6 8. Re1
a6 9. Bg5 h6 10. Be3 O-O 11. dxe5 Nxe5 12. Nxe5 dxe5 13. Bxb6 cxb6 14. Nd2 Rd8
15. Qc2 Nh5 16. Nf3 Qf6 17. Re3 Nf4 18. Kh2 b5 19. Bb3 Be6 20. Bxe6 Qxe6 21.
Ng1 Rd6 22. g3 Ng6 23. Rd3 Rad8 24. Rxd6 Rxd6 25. b3 Qd7 26. Nf3 h5 27. Re1 h4
28. Re2 hxg3+ 29. fxg3 f6 30. Rd2 Nf8 31. Rxd6 Qxd6 32. Qd2 Qxd2+ 33. Nxd2 Ne6
34. Kg2 Kf7 35. Kf2 Ke7 36. Kf3 Kd6 37. Kg4 g6 38. h4 Nc5 39. h5 gxh5+ 40. Kxh5
a5 41. Kg4 Ke6 42. Kf3 Nd3 43. Ke3 Nc5 44. b4 axb4 45. cxb4 Na6 46. a3 Nb8 47.
Nb1 Nc6 48. Nc3 Nd4 49. Kd3 Kf7 50. Nd5 Kg6 51. Nb6 Kh5 52. Nd7 Kg5 53. Nc5 Kg4
54. Nxb7 Kxg3 55. Nd6 Kf3 56. Nf7 Ne6 57. Nd6 Nd4 58. Ne8 f5 59. exf5 Nxf5 60.
Nf6 Nd6 61. Nd5 Nc4 62. Nc3 Nxa3 63. Ne4 Nc4 64. Ng5+ Kf4 65. Ne6+ Kf3 66. Nd4+
exd4 67. Kxd4 Ke2 68. Kc5 Na3 69. Kd4 Kd2 70. Ke4 Kc3 71. Ke3 0-1

[Event "Commonwealth & South African Open 2011"]
[Site "Emperors Casino and Conference"]
[Date "2011.06.24"]
[Round "5.53"]
[White "Stevens, Tristan"]
[Black "Roos, Lucas"]
[Result "1-0"]
[WhiteElo "2087"]
[BlackElo "1700"]
[PlyCount "70"]
[EventDate "2011.06.24"]

1. e4 e5 2. Nf3 Nc6 3. d4 exd4 4. Bc4 Bc5 5. c3 d3 6. b4 Bb6 7. a4 a6 8. O-O
Nge7 9. Bf4 h6 10. a5 Ba7 11. Qb3 O-O 12. Rd1 Ng6 13. Bg3 d6 14. Bxd3 Bg4 15.
Nbd2 Nge5 16. Be2 Qe8 17. Qb1 f5 18. Qa2+ Kh8 19. exf5 Rxf5 20. Re1 Qf8 21.
Bxe5 Nxe5 22. Qc2 Bxf3 23. Nxf3 Ng4 24. Rf1 Nxf2 25. Rxf2 g5 26. Raf1 Bxf2+ 27.
Rxf2 Qf6 28. Nxg5 Qxg5 29. Qxf5 Qc1+ 30. Rf1 Qe3+ 31. Qf2 Re8 32. Bh5 Re5 33.
Qxe3 Rxe3 34. Rf8+ Kg7 35. Rf7+ Kg8 1-0

[Event "Commonwealth & South African Open 2011"]
[Site "Emperors Casino and Conference"]
[Date "2011.06.24"]
[Round "5.54"]
[White "Strydom, Francois P"]
[Black "Nelson, William JH"]
[Result "1/2-1/2"]
[WhiteElo "1717"]
[BlackElo "2083"]
[PlyCount "58"]
[EventDate "2011.06.24"]

1. d4 d6 2. Nf3 Nf6 3. c4 Nbd7 4. Nc3 e5 5. g3 Be7 6. Bg2 O-O 7. O-O h6 8. e4
c6 9. Rb1 Re8 10. Re1 Nh7 11. Be3 Bf6 12. d5 c5 13. a3 Ndf8 14. b4 b6 15. Qc1
Bg5 16. h4 Bxe3 17. Qxe3 Re7 18. Nh2 cxb4 19. axb4 Rc7 20. Nb5 Rb7 21. c5 bxc5
22. bxc5 dxc5 23. Qxc5 Qa5 24. Rec1 a6 25. Na3 Qxc5 26. Rxc5 Rxb1+ 27. Nxb1 Rb8
28. Nc3 Nd7 29. Rc7 Nhf8 1/2-1/2

[Event "Commonwealth & South African Open 2011"]
[Site "Emperors Casino and Conference"]
[Date "2011.06.24"]
[Round "5.55"]
[White "Marais, Charles F"]
[Black "Eichab, Charles"]
[Result "0-1"]
[WhiteElo "1704"]
[BlackElo "2042"]
[PlyCount "80"]
[EventDate "2011.06.24"]

1. d4 Nf6 2. Nf3 e6 3. c4 b6 4. Nc3 Bb7 5. Qc2 Bb4 6. Bd2 O-O 7. a3 Bxc3 8.
Bxc3 Ne4 9. e3 f5 10. Be2 d6 11. O-O Nd7 12. Nd2 Qg5 13. f4 Qg6 14. Bf3 Nxd2
15. Qxd2 Bxf3 16. Rxf3 Nf6 17. Qe2 Ne4 18. Rd1 c6 19. d5 exd5 20. cxd5 c5 21.
a4 a6 22. Qc2 b5 23. b3 Rfc8 24. Rc1 Qf7 25. Qd3 c4 26. bxc4 Rxc4 27. axb5 Rac8
28. bxa6 Rxc3 29. Rxc3 Rxc3 30. Qb5 Rc8 31. Rf1 Qa7 32. Re1 Ra8 33. g4 Qxa6 34.
Qd7 Qd3 35. Qe6+ Kh8 36. Qxf5 Qd2 37. Rf1 Qxe3+ 38. Kh1 Nf2+ 39. Kg2 Qh3+ 40.
Kg1 Qf3 0-1

[Event "Commonwealth & South African Open 2011"]
[Site "Emperors Casino and Conference"]
[Date "2011.06.24"]
[Round "5.56"]
[White "Londt, Christopher P"]
[Black "Nakapunda, Otto"]
[Result "1-0"]
[WhiteElo "1612"]
[BlackElo "2041"]
[PlyCount "75"]
[EventDate "2011.06.24"]

1. e4 e5 2. Nf3 Nf6 3. Nc3 d6 4. Bc4 Be7 5. O-O c6 6. d4 Qc7 7. dxe5 dxe5 8. h3
O-O 9. Qe2 Nbd7 10. a3 Nc5 11. b4 Ne6 12. Be3 Nh5 13. Rfd1 Nef4 14. Qf1 Be6 15.
Kh2 b5 16. Bxe6 Nxe6 17. Ne2 f5 18. Nc3 f4 19. Bc1 Bf6 20. Bb2 a5 21. Rd2 Rfd8
22. Rad1 axb4 23. Rxd8+ Rxd8 24. axb4 Nd4 25. Qd3 Ne6 26. Qe2 g6 27. Rd3 Nhg7
28. Qd1 Rxd3 29. Qxd3 Ne8 30. Ne2 h6 31. Qb3 Qe7 32. Bxe5 Bxe5 33. Nxe5 Qd6 34.
Nxf4 N8c7 35. Nexg6 Kh7 36. e5 Qd4 37. Nxe6 Kxg6 38. Nxd4 1-0

[Event "Commonwealth & South African Open 2011"]
[Site "Emperors Casino and Conference"]
[Date "2011.06.24"]
[Round "5.57"]
[White "Sutil, Yolandi"]
[Black "Solo, Muzenda"]
[Result "1/2-1/2"]
[WhiteElo "1591"]
[BlackElo "1967"]
[PlyCount "47"]
[EventDate "2011.06.24"]

1. d4 d6 2. c4 Nd7 3. g3 e5 4. Bg2 h6 5. Nc3 c6 6. Nf3 g5 7. h3 Qf6 8. dxe5
dxe5 9. a3 Qe6 10. b3 Ngf6 11. Bb2 Be7 12. Qc2 Rg8 13. Rd1 Kf8 14. Nd2 Ne8 15.
e4 a5 16. Ne2 h5 17. Nc1 Nc5 18. Nf1 Nd6 19. Ne3 f6 20. Ne2 Qf7 21. Nc3 Ne6 22.
Ne2 Nf4 23. Kf1 Nxg2 24. Kxg2 1/2-1/2

[Event "Commonwealth & South African Open 2011"]
[Site "Emperors Casino and Conference"]
[Date "2011.06.24"]
[Round "5.58"]
[White "Tafira, Tinashe"]
[Black "Moharir, Sandip"]
[Result "1/2-1/2"]
[WhiteElo "1953"]
[BlackElo "1641"]
[PlyCount "27"]
[EventDate "2011.06.24"]

1. e4 c5 2. Nf3 Nc6 3. d4 cxd4 4. Nxd4 g6 5. Nc3 Bg7 6. Be3 Nf6 7. f3 O-O 8.
Qd2 d5 9. O-O-O dxe4 10. Nxe4 Nxe4 11. fxe4 Nxd4 12. Bxd4 Qxd4 13. Qxd4 Bxd4
14. Rxd4 1/2-1/2

[Event "Commonwealth & South African Open 2011"]
[Site "Emperors Casino and Conference"]
[Date "2011.06.24"]
[Round "5.59"]
[White "Makhubela L"]
[Black "Pon, Mat"]
[Result "1-0"]
[WhiteElo "1468"]
[BlackElo "1622"]
[PlyCount "71"]
[EventDate "2011.06.24"]

1. e4 c5 2. Nf3 Nc6 3. d4 cxd4 4. Nxd4 g6 5. Nc3 Bg7 6. Be3 Nf6 7. f3 O-O 8.
Qd2 d6 9. h4 Nxd4 10. Bxd4 Qa5 11. Bc4 Be6 12. Bxe6 fxe6 13. O-O-O Rac8 14. Kb1
Rc4 15. g4 Nxe4 16. Nxe4 Qxd2 17. Nxd2 Rxd4 18. c3 Rd5 19. Rhf1 Be5 20. Kc2 b5
21. Nb3 Rxd1 22. Kxd1 b4 23. cxb4 Bxb2 24. Kc2 Ba3 25. b5 Rc8+ 26. Kd3 Rb8 27.
Nd4 Kf7 28. Rb1 Bc5 29. Nc2 e5 30. a4 Ke6 31. Na1 Rf8 32. Ke2 Rf4 33. a5 Rb4
34. Rxb4 Bxb4 35. b6 axb6 36. a6 1-0

[Event "Commonwealth & South African Open 2011"]
[Site "Emperors Casino and Conference"]
[Date "2011.06.24"]
[Round "5.60"]
[White "Mamonyane, Thabang"]
[Black "Mokomele, Andrew"]
[Result "0-1"]
[WhiteElo "1559"]
[BlackElo "1898"]
[PlyCount "54"]
[EventDate "2011.06.24"]

1. d4 d5 2. Nf3 c5 3. e3 Nc6 4. c3 c4 5. Be2 Bf5 6. Nbd2 e6 7. O-O Bd6 8. Re1
Nf6 9. Nh4 Be4 10. Nxe4 Nxe4 11. Nf3 f5 12. a4 a6 13. Nd2 Qc7 14. h3 Bh2+ 15.
Kf1 O-O 16. Nf3 Rf6 17. Nxh2 Qxh2 18. Bf3 Na5 19. Ke2 Nb3 20. Ra2 g5 21. Rh1
Qc7 22. Bxe4 fxe4 23. Bd2 Raf8 24. Be1 Qf7 25. Qc2 Rxf2+ 26. Bxf2 Qxf2+ 27. Kd1
Qxe3 0-1

[Event "Commonwealth & South African Open 2011"]
[Site "Emperors Casino and Conference"]
[Date "2011.06.28"]
[Round "5.61"]
[White "Oberholzer, Francois"]
[Black "Marais, Franco"]
[Result "1-0"]
[WhiteElo "1896"]
[BlackElo "1612"]
[PlyCount "75"]
[EventDate "2011.06.24"]

1. e4 e5 2. Nf3 Nc6 3. Bb5 a6 4. Ba4 Nf6 5. O-O b5 6. Bb3 Be7 7. d3 O-O 8. a4
b4 9. Re1 Bb7 10. Nbd2 Re8 11. Nf1 d6 12. Ne3 Rb8 13. Nf5 Bc8 14. Ne3 Na5 15.
Ba2 c5 16. h3 Bd7 17. g4 Bc8 18. Nf5 Bxf5 19. gxf5 Qb6 20. Nd2 Rbd8 21. Nc4
Nxc4 22. Bxc4 Qb7 23. Qf3 Rf8 24. Kh1 Nd7 25. Rg1 Bf6 26. Bg5 Kh8 27. Bd5 Qc7
28. Qg4 g6 29. h4 Bxg5 30. hxg5 Nb6 31. Bb3 c4 32. dxc4 Nxc4 33. Kg2 Qc6 34.
Rh1 Nd2 35. Bd5 Qxc2 36. Rxh7+ Kxh7 37. Qh4+ Kg8 38. Rh1 1-0

[Event "Commonwealth & South African Open 2011"]
[Site "Emperors Casino and Conference"]
[Date "2011.06.24"]
[Round "5.62"]
[White "Choko, Siyabonga V"]
[Black "Mohamed, Adil"]
[Result "1-0"]
[WhiteElo "1890"]
[BlackElo "1565"]
[PlyCount "37"]
[EventDate "2011.06.24"]

1. e4 e5 2. Nc3 Nc6 3. Bc4 g6 4. f4 Nf6 5. Nf3 d6 6. fxe5 Nxe5 7. Nxe5 dxe5 8.
d3 Bg4 9. Qd2 Qd4 10. Qg5 Be7 11. Be3 Qd7 12. O-O h6 13. Qxe5 Qd6 14. Bb5+ Kf8
15. Qxd6 cxd6 16. Bd4 Nh7 17. Bxh8 f6 18. Bc4 Ke8 19. Nd5 1-0

[Event "Commonwealth & South African Open 2011"]
[Site "Emperors Casino and Conference"]
[Date "2011.06.24"]
[Round "5.63"]
[White "de Waal, Ingrid"]
[Black "Marais, Sibylie"]
[Result "1-0"]
[WhiteElo "1889"]
[BlackElo "1468"]
[PlyCount "79"]
[EventDate "2011.06.24"]

1. e4 e5 2. Nf3 Nc6 3. Bc4 Bc5 4. c3 Nf6 5. d4 exd4 6. e5 d5 7. Bb5 Ne4 8. cxd4
Bb4+ 9. Nbd2 Bg4 10. Qa4 Qd7 11. O-O Nxd2 12. Nxd2 O-O 13. Bxc6 Qxc6 14. Qxb4
Qg6 15. Qb3 c6 16. Re1 b6 17. Re3 Rfe8 18. Rg3 Qh5 19. h3 Be6 20. Nf3 Rac8 21.
Rg5 Qh6 22. Rf5 Qg6 23. Nh4 Qxf5 24. Nxf5 Bxf5 25. Be3 Re6 26. Rc1 Rc7 27. f3
Re8 28. Bf4 Be6 29. Qa4 Rec8 30. Be3 Kh8 31. g4 Kg8 32. f4 Bd7 33. Qb4 Re8 34.
Qd6 Rec8 35. f5 Rb7 36. e6 fxe6 37. fxe6 Be8 38. Rf1 Bg6 39. e7 Bf7 40. Qd8+
1-0

[Event "Commonwealth & South African Open 2011"]
[Site "Emperors Casino and Conference"]
[Date "2011.06.24"]
[Round "5.64"]
[White "Chettiar, Evesan"]
[Black "Ndlovu, Vincent M"]
[Result "1-0"]
[WhiteElo "1882"]
[BlackElo "1420"]
[PlyCount "87"]
[EventDate "2011.06.24"]

1. e4 c5 2. d4 cxd4 3. c3 d3 4. Bxd3 e5 5. Nf3 Nc6 6. O-O Nf6 7. c4 Be7 8. Nc3
O-O 9. h3 d6 10. Be3 Re8 11. a3 a5 12. Na4 Nd7 13. Qe2 Nc5 14. Nc3 Be6 15. Bc2
Qc8 16. Nd5 Bd8 17. Rac1 Ne7 18. b4 axb4 19. axb4 Nd7 20. Ng5 Bxd5 21. cxd5 Qb8
22. Qh5 Ng6 23. Qxh7+ Kf8 24. Qh5 Bxg5 25. Bxg5 Nf6 26. Qf3 Ke7 27. h4 Rh8 28.
h5 Nf4 29. g4 Qc8 30. Ba4 Qb8 31. Bd1 Ra6 32. Bxf4 exf4 33. Qxf4 Ra3 34. Re1 g6
35. e5 Nxd5 36. exd6+ Kf8 37. Qe5 Rh6 38. Qxd5 gxh5 39. g5 Rg6 40. Bxh5 Rg7 41.
Qe5 Qd8 42. Qe7+ Qxe7 43. dxe7+ Ke8 44. Rc8+ 1-0

[Event "Commonwealth & South African Open 2011"]
[Site "Emperors Casino and Conference"]
[Date "2011.06.24"]
[Round "5.65"]
[White "Block, Tevye LN"]
[Black "Mendelsohn, David C"]
[Result "0-1"]
[WhiteElo "1492"]
[BlackElo "1879"]
[PlyCount "61"]
[EventDate "2011.06.24"]

1. e4 e5 2. Nf3 Nc6 3. d4 exd4 4. Nxd4 Bc5 5. Nb3 Bb6 6. Nc3 Nf6 7. f3 h6 8.
Bf4 O-O 9. Qd2 a5 10. a4 Nh5 11. h4 Nxf4 12. Qxf4 Nb4 13. g4 Nxc2+ 14. Kd1 Nxa1
15. Nxa1 d5 16. Kc2 dxe4 17. Nxe4 Be6 18. g5 Qd4 19. Nb3 Bxb3+ 20. Kxb3 Qe3+
21. Qxe3 Bxe3 22. gxh6 Bxh6 23. Rg1 f5 24. Ng5 Bxg5 25. Rxg5 Rf6 26. h5 Re8 27.
Ka2 Re3 28. Bg2 Kh7 29. Ka1 g6 30. Bh3 Kh6 31. Rg3 {Notation unclear} 0-1

[Event "Commonwealth & South African Open 2011"]
[Site "Emperors Casino and Conference"]
[Date "2011.06.24"]
[Round "5.66"]
[White "Qanqa, Noxolo S"]
[Black "Louw, Gideon N"]
[Result "0-1"]
[WhiteElo "1476"]
[BlackElo "1853"]
[PlyCount "48"]
[EventDate "2011.06.24"]

1. e4 c5 2. Nf3 e6 3. d4 cxd4 4. Nxd4 a6 5. Nc3 b5 6. Be2 Qc7 7. a3 Nf6 8. O-O
Bb7 9. Be3 Nxe4 10. Nxe4 Bxe4 11. Bd3 Bb7 12. Qg4 Nc6 13. c3 h5 14. Qh4 Ne5 15.
Bf4 Bd6 16. Bc2 Nf3+ 17. Nxf3 Bxf4 18. Nd4 g5 19. Qh3 Be5 20. Qe3 Bxh2+ 21. Kh1
Bf4 22. Qe2 g4 23. Be4 d5 24. Bc2 Rf8 {Notation unclear} 0-1

[Event "Commonwealth & South African Open 2011"]
[Site "Emperors Casino and Conference"]
[Date "2011.06.24"]
[Round "5.67"]
[White "Whittet, Andrew N"]
[Black "Windvogel, Lance J"]
[Result "0-1"]
[WhiteElo "1818"]
[BlackElo "1733"]
[PlyCount "75"]
[EventDate "2011.06.24"]

1. e4 c5 2. Nf3 Nc6 3. d4 cxd4 4. Nxd4 g6 5. c4 Bg7 6. Be3 Nf6 7. Nc3 Ng4 8.
Qxg4 Nxd4 9. Qd1 e5 10. Bd3 O-O 11. O-O d6 12. Qd2 Be6 13. Rfc1 Qa5 14. Rab1
Qb4 15. b3 f5 16. f3 f4 17. Bf2 g5 18. Qb2 g4 19. Nb5 Nxb5 20. cxb5 gxf3 21. a3
Qa5 22. gxf3 Qd8 23. Bc4 Bxc4 24. bxc4 Qg5+ 25. Kh1 Rf6 26. c5 dxc5 27. Rxc5
Rg6 28. Qb3+ Kh8 29. Rg1 Qh5 30. Rcc1 Rd8 31. Rcd1 Bf6 32. Rxd8+ Bxd8 33. Bxa7
Bh4 34. Rxg6 hxg6 35. Qd5 Bf6 36. Bb6 Qh3 37. Qd2 {Notation unclear} Kg7 38. a4
0-1

[Event "Commonwealth & South African Open 2011"]
[Site "Emperors Casino and Conference"]
[Date "2011.06.24"]
[Round "5.68"]
[White "Mulder, Cornelis J"]
[Black "Robin, Alwin"]
[Result "1-0"]
[WhiteElo "1759"]
[BlackElo "1406"]
[PlyCount "37"]
[EventDate "2011.06.24"]

1. e4 e6 2. d4 d5 3. Nc3 dxe4 4. Nxe4 Bd7 5. Nf3 Bc6 6. Bd3 Be7 7. c3 Nd7 8.
O-O Ngf6 9. Nxf6+ Nxf6 10. Re1 O-O 11. Ne5 Qd5 12. Nxc6 Qxc6 13. Re3 h6 14. Rg3
Bd6 15. Re3 Be7 16. Rh3 Rad8 17. Qe2 a6 18. Bf4 Rd5 19. Bxh6 1-0

[Event "Commonwealth & South African Open 2011"]
[Site "Emperors Casino and Conference"]
[Date "2011.06.24"]
[Round "5.69"]
[White "van Zyl, Charlize"]
[Black "Mgobhozi, Sivuyile W"]
[Result "0-1"]
[WhiteElo "1473"]
[BlackElo "1758"]
[PlyCount "136"]
[EventDate "2011.06.24"]

1. c4 Nf6 2. Nc3 e6 3. g3 d5 4. d4 Be7 5. Bg2 O-O 6. cxd5 exd5 7. Bg5 c6 8. Nf3
Bf5 9. Bxf6 Bxf6 10. O-O Nd7 11. Rc1 Re8 12. e3 Nf8 13. Na4 Rc8 14. Qd2 b6 15.
Rfe1 Qd7 16. b3 Bh3 17. Qe2 Bf5 18. Qd2 Qe6 19. Nb2 Ng6 20. Nd3 Be4 21. Qe2 Qf5
22. Red1 h5 23. Nfe1 Bxg2 24. Nxg2 Bxd4 25. Ndf4 Nxf4 26. Nxf4 Bc5 27. Qxh5
Qxh5 28. Nxh5 Bd6 29. Rc2 f5 30. h3 Kf7 31. Kg2 g5 32. g4 f4 33. exf4 gxf4 34.
Rdc1 c5 35. Kf3 Re4 36. Rd2 Re5 37. Nxf4 d4 38. Rcc2 Rf8 39. Nh5 Ke6+ 40. Kg2
Kd5 41. Re2 b5 42. Rxe5+ Bxe5 43. g5 d3 44. Rd2 c4 45. bxc4+ bxc4 46. Ng3 Bf4
47. Rd1 Bxg5 48. Ne2 d2 49. f4 Bxf4 50. Nxf4+ Rxf4 51. Rxd2+ Rd4 52. Re2 c3 53.
Kf2 Kc4 54. Kf3 Rd3+ 55. Kf2 Rxh3 56. Kg2 Rd3 57. Kf2 a5 58. Re4+ Kb5 59. Re2
Kb4 60. Rc2 Ka3 61. Ke2 Rh3 62. Kd1 Rh1+ 63. Ke2 Kb4 64. Kd3 Rh3+ 65. Ke2 Kc4
66. Kd1 Kd3 67. Re2 Rh1+ 68. Re1 c2+ 0-1